Des insécurités partielles a la sécurité globale: actes

保存先:
書誌詳細
団体著者: UNESCO (著者)
フォーマット: 図書
言語:フランス語
出版事項: París Unesco 1997
主題:
タグ: タグ追加
タグなし, このレコードへの初めてのタグを付けませんか!

MARC

LEADER 00000nam a2200000 a 4500
001 UCP6306
003 CL-VaPUC
005 20220315074418.0
008 991021e19970000fr 1 fre d
082 0 4 |a 341.73  |b UNE  |2 21 
110 2 |a UNESCO  |e author  |9 619634 
245 1 0 |a Des insécurités partielles a la sécurité globale: actes 
260 |a París  |b Unesco  |c 1997 
300 |a 216 p 
583 |a last modification  |c 19991021 00:00:00  |k Rodrigo Vera 
650 0 0 |a Seguridad  |9 354178 
650 0 7 |a DESARMES  |2 CL-VaPUC  |9 619635 
650 0 0 |a Paz  |9 259242 
650 0 0 |a Guerra  |9 255876 
650 0 7 |a POLITICA DE DEFENSA  |2 CL-VaPUC  |9 336840 
650 0 0 |a Congresos  |9 257560 
942 |c BK 
945 |a rbrito  |d 19991021 00:00:00 
546 |a En Francés 
536 |a Unesco 
518 |p Symposium International des Insécurités Partielles a la Sécurité Globale, Paris, 1996 
999 |c 383494  |d 383492 
952 |0 0  |1 0  |4 0  |6 341_730000000000000_UNE_1997  |7 0  |8 P  |9 505620  |a BIBEDU  |b BIBEDU  |c BIBEDU_PB  |d 2020-01-23  |i 3488063  |o 341.73 UNE 1997  |p 3488063  |r 2024-01-25  |w 2020-01-23  |y BK  |k EDU